Olympic trivia - Statistics

General Stats
  • This quiz has been taken 12 times
  • The average score is 5 of 10
Answer Stats
Question Answer % Correct
Which city will host again the winter games in 2034? Salt Lake City, USA
90%
which is the only country who got medals only in the winter games? Liechtenstein
70%
How many of the twenty countries most successful in Olympic history has more winter than summer medals? 2 - Norway and Austria
60%
Which of the following have been actual olympic games? Antwerp 1920
50%
Which Country should have been hosting both the 1940 summer and winter edition? Japan
50%
Which of the following real olympic committees never got any medal? Northern Rhodesia
50%
There are fourteen countries who were able to get at least one hundred medals in both summer and winter games. Which one of the following is not in the list? South Korea
50%
Only four people had the honor to open twice an Olympic edition, one of them being Queen Elizabeth II. Who was not one of the others? Xi Jinping, president of People's Republic of China
20%
Which of these countries with at least twenty millions inhabitants is the only one to get one olympic gold metal? Peru
10%
Which one of these sentences is false? The first olympic oath was pronounced during the Paris 1924 olympics ceremony.
10%
No matching quizzes found
Score Distribution
Percent of People with Each Score
Percentile by Number Answered
Your Score History
You have not taken this quiz